00333nam a2200121Ia 4500008004100000082001600041100001800057245006800075250000800143260003700151300000800188650001500196221030s9999 xx 000 0 und d a105.23bAsw aK. Aswathappa 0aOrganisational Behaviour - Text, Cases, Gamescby K. Aswathappa a6th bHimalaya Pub HouseaMumbaic2005 a676 aManagement